| 000 | 00632nam a2200205Ia 4500 | ||
|---|---|---|---|
| 005 | 20260429112007.0 | ||
| 008 | 260429s9999||||xx |||||||||||||| ||und|| | ||
| 020 | _a9783031841231 | ||
| 041 | _aEnglish | ||
| 082 |
_a686.233 _bUKO |
||
| 100 | _aUkoba, Kingsley | ||
| 245 | 0 |
_aShaping tomorrow : _bthin films and 3d printing in the fourth industrial revolution 1 fundamentals / _cKingsley Ukoba |
|
| 260 |
_aSwitzerland : _bSpringer, _c2025. |
||
| 300 | _aix, 356 p.; hb | ||
| 440 | _aSynthesis lectures on mechanical engineering | ||
| 650 | _a 3D printing | ||
| 650 | _aPrinting | ||
| 700 | _a Jen, Tien-chen | ||
| 942 | _cTB | ||
| 999 |
_c51791 _d51791 |
||